000 00503nam a2200133Ia 4500
008 170516s9999 xx 000 0 und d
245 _a The relationship between computed tomography measurement of the optic nerve sheath diameter and elevated intracranial pressure in non-trauma patients
260 _bSouth African Journal of Radiology
260 _c2016
300 _a20:1
650 _xRadiologic Technology
650 _xRadtech
856 _uhttp://www.sajr.org.za/index.php/sajr/issue/view/54
999 _c332065
_d332065